The transcendentalists: an anthology
Salvato in:
| Autore principale: | |
|---|---|
| Natura: | Libro |
| Lingua: | inglese |
| Pubblicazione: |
Cambridge
Harvard University Press
1950
|
| Soggetti: | |
| Tags: |
Aggiungi Tag
Nessun Tag, puoi essere il primo ad aggiungerne!!
|
MARC
| LEADER | 00000nam a2200000 a 4500 | ||
|---|---|---|---|
| 001 | UCQ7362 | ||
| 003 | CL-VaPUC | ||
| 008 | 981107e19500000US |||||||||||||||||eng|d | ||
| 082 | 0 | 4 | |a 141.3 |b MIL |2 21 |
| 100 | |a Miller, Perry |e autor |9 421230 | ||
| 245 | 1 | 4 | |a The transcendentalists: an anthology |
| 300 | |a 521 p | ||
| 942 | |c BK | ||
| 945 | |d 19981107 00:00:00 |a crobeson | ||
| 260 | |a Cambridge |b Harvard University Press |c 1950 | ||
| 650 | 0 | |a Trascendentalismo |9 266759 | |
| 650 | 0 | |a Escuelas filosóficas |9 266232 | |
| 650 | 0 | |a Filosofía |9 223554 | |
| 583 | |a last modification |c 19981107 00:00:00 |k Rodrigo Vera | ||
| 999 | |c 277038 |d 277036 | ||
| 952 | |0 0 |1 0 |4 0 |6 141_300000000000000_MIL_1950 |7 0 |8 A |9 314755 |a BIBEDU |b BIBEDU |d 2019-11-20 |i 148902K |o 141.3 MIL 1950 |p 148902K |r 2019-11-20 |w 2019-11-20 |y BK |k LIT | ||